Lexikon der philosophischen Werke.
Bewaard in:
| Andere auteurs: | , |
|---|---|
| Formaat: | Boek |
| Gepubliceerd in: |
Stuttgart, Deutschland:
Alfred Kröner,
1988.
|
| Reeks: | Kröners Taschenausgabe,
|
| Onderwerpen: | |
| Tags: |
Voeg label toe
Geen labels, Wees de eerste die dit record labelt!
|
MARC
| LEADER | 00000nam a22000007a 4500 | ||
|---|---|---|---|
| 003 | CL-VaPUC | ||
| 005 | 20220822114832.0 | ||
| 008 | 220808t1988 ||||| |||| 00| 0 eng d | ||
| 999 | |c 438085 |d 438083 | ||
| 020 | |a 3-520-48601-6 | ||
| 040 | |c Pontificia Universidad Católica de Valparaíso | ||
| 082 | 7 | |a 103 VOL 1988 |2 22 | |
| 100 | 1 | |a Volpi, Franco |e editor |9 875064 | |
| 245 | |a Lexikon der philosophischen Werke. | ||
| 260 | |a Stuttgart, Deutschland: |b Alfred Kröner, |c 1988. | ||
| 300 | |a 863 páginas. | ||
| 490 | |a Kröners Taschenausgabe, |n 486. | ||
| 500 | |a c.1 Donación Familia Prof. Alejandro Guzmán Brito. | ||
| 583 | |c 20220808 |k Cristina María Rojas Aguilar | ||
| 650 | |a Literatura filosófica |x Diccionarios |x Alemán |9 875065 | ||
| 700 | |a Nida-Rümelin, Julian |e editor |9 875066 | ||
| 942 | |2 ddc |c BK |n 0 | ||
| 952 | |0 0 |1 0 |2 ddc |4 0 |6 103_000000000000000_VOL_1988 |7 0 |8 C_AGB |9 585963 |a BIBDER |b BIBDER |d 2022-08-08 |e Donación |i 5653884 |o 103 VOL 1988 |p 5653884 |r 2023-01-25 |t 1 |w 2022-08-08 |y BK_US |k AGB | ||